000 01064cam a22002651 4500
001 sa 65004507
003 DLC
005 20260227112131.0
008 860320s1960 ii b f000 0 eng
010 _asa 65004507
035 _a(OCoLC)13317352
040 _aDLC
_cCU
_dDLC
042 _apremarc
050 0 0 _aHD8686.5
_b.P8
100 1 _aPunekar, S. D.
245 1 0 _aLectures & synopses of lectures delivered before teacher-administrators under training, first batch, under the Workers' education scheme.
_cContributing editors: S.D. Punekar [and] B.C. Desai.
260 _aNagpur,
_bGovt. Press,
_c1960.
300 _axii, 418 p.
_c24 cm.
500 _aAt head of title: Government of India, Ministry of Labour & Employment, Central Board for Workers' Education.
504 _a"A select bibliography on labour economics and labour problems, by B.C. Desai": p. 408-418.
650 0 _aLabor and laboring classes
_zIndia.
650 0 _aIndustrial management
_zIndia.
700 1 _aDesai, B. C.
710 1 _aIndia.
_bCentral Board for Workers' Education.
999 _c63795
_d63795